Regional report (Record no. 81694)

MARC details
000 -LEADER
fixed length control field 01079cab a22002535a 4500
001 - CONTROL NUMBER
control field L147990
008 - FIXED-LENGTH DATA ELEMENTS--GENERAL INFORMATION
fixed length control field 090710e20090703xxkabo f 000 0 eng d
035 ## - SYSTEM CONTROL NUMBER
System control number (Sirsi) u147990
041 0# - LANGUAGE CODE
Language code of text/sound track or separate title eng
100 1# - MAIN ENTRY--PERSONAL NAME
Personal name Watson, Stuart
245 00 - TITLE STATEMENT
Title Regional report
Remainder of title Midlands
260 ## - PUBLICATION, DISTRIBUTION, ETC.
Date of publication, distribution, etc. 2009
490 #0 - SERIES STATEMENT
Series statement Property Week
Volume/sequential designation 75(27) 3 July 2009, 75-97(12)
520 ## - SUMMARY, ETC.
Summary, etc. Profiles commercial property activity across all sectors in the region. Reports on a Middle Eastern backed £159m scheme in Birmingham city centre and the future of Birmingham?s Whole Market. Covers regeneration plans for Daventry, mixed-use developments in Clay Cross, Derbyshire, and the unveiling of proposals for Nottingham MediPark which will be one of the UK's first medical science park. Tracks the fortunes of Midlands developer Barwood.
590 ## - LOCAL NOTE (RLIN)
Local note KA
651 #4 - SUBJECT ADDED ENTRY--GEOGRAPHIC NAME
Geographic name Birmingham
651 #4 - SUBJECT ADDED ENTRY--GEOGRAPHIC NAME
Geographic name Daventry
651 #4 - SUBJECT ADDED ENTRY--GEOGRAPHIC NAME
Geographic name Clay Cross
651 #4 - SUBJECT ADDED ENTRY--GEOGRAPHIC NAME
Geographic name Nottingham
690 ## - LOCAL SUBJECT ADDED ENTRY--TOPICAL TERM (OCLC, RLIN)
Topical term or geographic name as entry element PROPERTY-COMMERCIAL PROPERTY-COMMERCIAL PROPERTY MARKET
700 1# - ADDED ENTRY--PERSONAL NAME
Personal name McAllister, Sean
700 1# - ADDED ENTRY--PERSONAL NAME
Personal name Shepherd, Mark
942 ## - ADDED ENTRY ELEMENTS (KOHA)
Suppress in OPAC 0
Holdings
Withdrawn status Lost status Source of classification or shelving scheme Damaged status Not for loan Home library Current library Shelving location Date acquired Total Checkouts Full call number Barcode Date last seen Copy number Price effective from Koha item type
    Dewey Decimal Classification     London London Journal article 10/07/2009   L147990 147990-1001 06/08/2019 1 06/08/2019 Journal article